[Event "MPJ-Blitz-D12"]
[Site "Katowice"]
[Date "2015.08.15"]
[Round "12.1"]
[White "Czarniecka, Aleksandra"]
[Black "Waszczuk, Patrycja"]
[Result "0-1"]
[BlackElo "1481"]
[WhiteElo "1350"]

1. e4 {[%clk 0:03:03]} c5 {[%clk 0:03:03]} 2. Nf3 {[%clk 0:03:05]} a6
{[%clk 0:03:05]} 3. Nc3 {[%clk 0:03:05]} b5 {[%clk 0:03:01]} 4. d4
{[%clk 0:02:53]} cxd4 {[%clk 0:03:02]} 5. Nxd4 {[%clk 0:02:54]} e6
{[%clk 0:02:54]} 6. Be2 {[%clk 0:02:48]} Bb7 {[%clk 0:02:55]} 7. f4
{[%clk 0:02:48]} b4 {[%clk 0:02:55]} 8. Na4 {[%clk 0:02:34]} Bxe4
{[%clk 0:02:44]} 9. Bf3 {[%clk 0:02:35]} Bxf3 {[%clk 0:02:39]} 10. Qxf3
{[%clk 0:02:36]} d5 {[%clk 0:02:36]} 11. c3 {[%clk 0:02:15]} Qa5 {[%clk 0:02:30]}
12. Qd1 {[%clk 0:02:05]} bxc3 {[%clk 0:02:02]} 13. Nxc3 {[%clk 0:02:05]} Nf6
{[%clk 0:01:58]} 14. O-O {[%clk 0:02:00]} Be7 {[%clk 0:01:52]} 15. Kh1
{[%clk 0:01:46]} O-O {[%clk 0:01:45]} 16. Nb3 {[%clk 0:01:30]} Qd8
{[%clk 0:01:39]} 17. Be3 {[%clk 0:01:20]} Nc6 {[%clk 0:01:34]} 18. Nd4
{[%clk 0:01:19]} Nxd4 {[%clk 0:01:14]} 19. Bxd4 {[%clk 0:01:20]} Rb8
{[%clk 0:01:10]} 20. Qe2 {[%clk 0:01:10]} Qd7 {[%clk 0:00:34]} 21. Rae1
{[%clk 0:01:04]} Rfe8 {[%clk 0:00:29]} 22. Rf3 {[%clk 0:00:48]} a5
{[%clk 0:00:29]} 23. Re3 {[%clk 0:00:48]} Bb4 {[%clk 0:00:23]} 24. Bxf6
{[%clk 0:00:46]} gxf6 {[%clk 0:00:23]} 25. Qh5 {[%clk 0:00:41]} d4
{[%clk 0:00:18]} 26. Rg3+ {[%clk 0:00:36]} Kf8 {[%clk 0:00:17]} 27. Nd5
{[%clk 0:00:24]} Qxd5 {[%clk 0:00:13]} 28. Qh6+ {[%clk 0:00:21]} Ke7
{[%clk 0:00:12]} 29. Rf1 {[%clk 0:00:20]} Rg8 {[%clk 0:00:12]} 30. Rxg8
{[%clk 0:00:20]} Rxg8 {[%clk 0:00:13]} 31. Rg1 {[%clk 0:00:20]} d3
{[%clk 0:00:12]} 32. f5 {[%clk 0:00:21]} e5 {[%clk 0:00:12]} 33. Qc1
{[%clk 0:00:21]} Qd7 {[%clk 0:00:09]} 34. a3 {[%clk 0:00:20]} Rc8
{[%clk 0:00:10]} 35. Qd1 {[%clk 0:00:19]} Bc5 {[%clk 0:00:09]} 36. Rf1
{[%clk 0:00:18]} e4 {[%clk 0:00:09]} 37. Qd2 {[%clk 0:00:17]} e3 {[%clk 0:00:09]}
38. Qxa5 {[%clk 0:00:17]} d2 {[%clk 0:00:10]} 39. Qa4 Qxa4 {[%clk 0:00:09]} 40.
h3 {[%clk 0:00:12]} d1=Q {[%clk 0:00:10]} 41. Rxd1 {[%clk 0:00:13]} Qxd1+
{[%clk 0:00:10]} 42. Kh2 {[%clk 0:00:14]} Bd6+ {[%clk 0:00:12]} 0-1

[Event "MPJ-Blitz-D12"]
[Site "Katowice"]
[Date "2015.08.15"]
[Round "12.2"]
[White "Harazinska, Magdalena"]
[Black "Czarnecka, Lidia"]
[Result "0-1"]
[BlackElo "1459"]
[WhiteElo "1499"]

1. d4 {[%clk 0:03:02]} d5 {[%clk 0:03:04]} 2. c4 {[%clk 0:03:03]} e6
{[%clk 0:03:05]} 3. Nc3 {[%clk 0:03:04]} Nf6 {[%clk 0:03:05]} 4. cxd5
{[%clk 0:03:05]} exd5 {[%clk 0:03:06]} 5. Bg5 {[%clk 0:03:06]} Be7
{[%clk 0:03:07]} 6. e3 {[%clk 0:03:07]} O-O {[%clk 0:03:07]} 7. Bd3
{[%clk 0:03:08]} h6 {[%clk 0:03:08]} 8. Bh4 {[%clk 0:03:10]} b6 {[%clk 0:03:08]}
9. Qc2 {[%clk 0:03:11]} Nbd7 {[%clk 0:03:07]} 10. Nge2 c5 11. dxc5
{[%clk 0:03:08]} Nxc5 {[%clk 0:03:09]} 12. O-O {[%clk 0:03:02]} Nxd3
{[%clk 0:03:10]} 13. Qxd3 {[%clk 0:03:03]} Bb7 {[%clk 0:03:11]} 14. Rad1
{[%clk 0:03:03]} Rc8 {[%clk 0:02:59]} 15. Nf4 {[%clk 0:02:46]} Re8
{[%clk 0:02:52]} 16. Bxf6 {[%clk 0:02:36]} Bxf6 {[%clk 0:02:53]} 17. Rd2
{[%clk 0:02:09]} Bxc3 {[%clk 0:02:51]} 18. bxc3 {[%clk 0:02:10]} Qc7
{[%clk 0:02:52]} 19. Nxd5 {[%clk 0:02:07]} Bxd5 {[%clk 0:02:53]} 20. Qxd5 Qxc3
21. Rd3 {[%clk 0:01:56]} Qc2 {[%clk 0:02:47]} 22. Qb3 {[%clk 0:01:52]} Qc5
{[%clk 0:02:44]} 23. Rfd1 {[%clk 0:01:51]} Rf8 {[%clk 0:02:40]} 24. h3
{[%clk 0:01:51]} Qa5 {[%clk 0:02:34]} 25. Rd7 {[%clk 0:01:52]} Rc3
{[%clk 0:02:35]} 26. Qb1 {[%clk 0:01:38]} Ra3 {[%clk 0:02:29]} 27. R1d2
{[%clk 0:01:39]} Qc5 {[%clk 0:02:21]} 28. Rd8 {[%clk 0:01:30]} Rc3
{[%clk 0:02:16]} 29. Kh2 {[%clk 0:01:23]} Qc7+ {[%clk 0:02:16]} 30. R8d6
{[%clk 0:01:22]} Rc6 {[%clk 0:02:12]} 31. Qb4 {[%clk 0:00:49]} Rd8
{[%clk 0:02:06]} 32. Qe4 {[%clk 0:00:42]} Rcxd6 {[%clk 0:02:05]} 33. Rxd6
{[%clk 0:00:39]} Qxd6+ {[%clk 0:02:07]} 34. g3 {[%clk 0:00:39]} Qd5
{[%clk 0:02:04]} 35. Qf4 {[%clk 0:00:39]} Rc8 {[%clk 0:02:03]} 36. e4
{[%clk 0:00:35]} Qxa2 {[%clk 0:02:00]} 37. Qf5 {[%clk 0:00:34]} Qe6
{[%clk 0:02:00]} 38. Qf3 {[%clk 0:00:34]} Re8 {[%clk 0:02:01]} 39. Qa3
{[%clk 0:00:33]} Qxe4 {[%clk 0:02:00]} 40. Qxa7 {[%clk 0:00:31]} Qd4
{[%clk 0:01:59]} 41. Qa2 {[%clk 0:00:31]} Qd3 {[%clk 0:01:56]} 42. Qa4
{[%clk 0:00:13]} Re2 {[%clk 0:01:50]} 43. Qf4 {[%clk 0:00:14]} Qd2
{[%clk 0:01:49]} 44. Qb8+ {[%clk 0:00:12]} Kh7 {[%clk 0:01:50]} 45. Qxb6
{[%clk 0:00:05]} Rxf2+ {[%clk 0:01:51]} 46. Kg1 {[%clk 0:00:05]} Qe1# 0-1

[Event "MPJ-Blitz-D12"]
[Site "Katowice"]
[Date "2015.08.15"]
[Round "12.4"]
[White "Tomczak, Marta"]
[Black "Jarocka, Liwia"]
[Result "0-1"]
[BlackElo "1510"]
[WhiteElo "1276"]

1. e4 {[%clk 0:03:03]} e5 {[%clk 0:03:04]} 2. Nf3 {[%clk 0:03:04]} Nc6
{[%clk 0:03:05]} 3. Bb5 {[%clk 0:03:05]} a6 {[%clk 0:03:06]} 4. Ba4
{[%clk 0:03:07]} Nf6 {[%clk 0:03:07]} 5. O-O {[%clk 0:03:07]} Be7
{[%clk 0:03:09]} 6. Re1 {[%clk 0:03:08]} b5 {[%clk 0:03:10]} 7. Bb3
{[%clk 0:03:10]} d6 {[%clk 0:03:11]} 8. c3 {[%clk 0:03:11]} O-O {[%clk 0:03:11]}
9. h3 {[%clk 0:03:12]} Bb7 {[%clk 0:03:12]} 10. Bc2 {[%clk 0:03:13]} Re8
{[%clk 0:03:11]} 11. d4 {[%clk 0:03:13]} Bf8 {[%clk 0:03:12]} 12. d5
{[%clk 0:03:13]} Nb8 {[%clk 0:03:11]} 13. b3 {[%clk 0:03:12]} Nbd7
{[%clk 0:03:11]} 14. b4 {[%clk 0:03:10]} Nb6 {[%clk 0:03:12]} 15. Bb3
{[%clk 0:03:10]} g6 {[%clk 0:03:09]} 16. Bg5 {[%clk 0:03:11]} h6 {[%clk 0:03:08]}
17. Be3 {[%clk 0:03:11]} Bg7 {[%clk 0:03:09]} 18. Qd2 {[%clk 0:03:11]} Qe7
{[%clk 0:03:06]} 19. Bxh6 {[%clk 0:03:12]} Rad8 {[%clk 0:03:01]} 20. Bxg7
{[%clk 0:03:11]} Kxg7 {[%clk 0:03:02]} 21. Qd1 {[%clk 0:03:09]} c6
{[%clk 0:03:01]} 22. Qd3 {[%clk 0:02:58]} cxd5 23. exd5 {[%clk 0:02:58]} Bxd5
{[%clk 0:02:55]} 24. Bxd5 {[%clk 0:02:59]} Nbxd5 {[%clk 0:02:56]} 25. Nbd2
{[%clk 0:02:57]} Nf4 {[%clk 0:02:57]} 26. Qc2 {[%clk 0:02:55]} Qb7
{[%clk 0:02:47]} 27. Ne4 {[%clk 0:02:43]} Nxe4 {[%clk 0:02:46]} 28. Rxe4
{[%clk 0:02:43]} f5 {[%clk 0:02:41]} 29. Ree1 {[%clk 0:02:43]} Nxh3+
{[%clk 0:02:39]} 30. Kh2 {[%clk 0:02:32]} Nf4 {[%clk 0:02:39]} 31. Rad1
{[%clk 0:02:28]} Qc7 {[%clk 0:02:39]} 32. Rc1 {[%clk 0:02:22]} Rc8
{[%clk 0:02:39]} 33. Red1 {[%clk 0:02:21]} Red8 {[%clk 0:02:38]} 34. a4
{[%clk 0:02:21]} Ne6 {[%clk 0:02:31]} 35. axb5 {[%clk 0:02:21]} axb5
{[%clk 0:02:30]} 36. Kg1 {[%clk 0:02:18]} e4 {[%clk 0:02:30]} 37. Nd4
{[%clk 0:02:18]} Nxd4 {[%clk 0:02:30]} 38. Rxd4 {[%clk 0:02:19]} d5
{[%clk 0:02:28]} 39. Qd2 {[%clk 0:02:19]} Qf7 {[%clk 0:02:19]} 40. Rd1
{[%clk 0:02:20]} Rc4 {[%clk 0:01:59]} 41. Rxd5 {[%clk 0:02:16]} Rxd5
{[%clk 0:02:00]} 42. Qxd5 {[%clk 0:02:16]} Qxd5 {[%clk 0:02:01]} 43. Rxd5
{[%clk 0:02:17]} Rxc3 {[%clk 0:02:02]} 44. Rxb5 {[%clk 0:02:18]} Rb3
{[%clk 0:02:03]} 45. Kf1 {[%clk 0:02:18]} Rb2 {[%clk 0:02:02]} 46. g3
{[%clk 0:02:16]} Kf6 {[%clk 0:02:03]} 47. Rb8 {[%clk 0:02:14]} g5
{[%clk 0:02:00]} 48. b5 {[%clk 0:02:12]} Ke6 {[%clk 0:02:00]} 49. b6
{[%clk 0:02:13]} Kd7 {[%clk 0:02:01]} 50. Ke1 {[%clk 0:02:10]} Kc6
{[%clk 0:01:59]} 51. b7 {[%clk 0:02:10]} Rxb7 {[%clk 0:01:58]} 52. Rxb7 Kxb7
{[%clk 0:01:59]} 53. Ke2 {[%clk 0:02:11]} Kc6 {[%clk 0:02:00]} 54. f3
{[%clk 0:02:12]} Kd5 {[%clk 0:01:58]} 55. fxe4+ {[%clk 0:02:04]} fxe4
{[%clk 0:01:57]} 56. Ke3 {[%clk 0:02:04]} Ke5 {[%clk 0:01:59]} 57. g4
{[%clk 0:02:05]} Kd5 {[%clk 0:01:59]} 58. Ke2 {[%clk 0:02:03]} Kd4
{[%clk 0:02:00]} 59. Kd2 {[%clk 0:02:04]} e3+ {[%clk 0:02:02]} 60. Ke2
{[%clk 0:02:05]} Ke4 {[%clk 0:02:03]} 61. Ke1 {[%clk 0:02:06]} Kf4
{[%clk 0:02:04]} 62. Ke2 {[%clk 0:02:07]} Ke4 {[%clk 0:02:06]} 63. Ke1
{[%clk 0:02:08]} Kf3 {[%clk 0:02:07]} 64. Kf1 {[%clk 0:02:08]} Kxg4
{[%clk 0:02:08]} 65. Ke2 {[%clk 0:02:10]} Kf4 {[%clk 0:02:09]} 66. Kf1
{[%clk 0:02:11]} Kf3 {[%clk 0:02:10]} 67. Ke1 {[%clk 0:02:10]} e2
{[%clk 0:02:11]} 68. Kd2 {[%clk 0:02:12]} Kf2 0-1

[Event "MPJ-Blitz-D12"]
[Site "Katowice"]
[Date "2015.08.15"]
[Round "12.5"]
[White "Budkiewicz, Magdalena"]
[Black "Pazdzierz, Klaudia"]
[Result "1-0"]
[BlackElo "1236"]
[WhiteElo "1412"]

1. e4 c5 2. Nf3 d6 3. d4 cxd4 4. Nxd4 Nf6 5. Nc3 a6 6. f3 e5 7. Nb3 Be6 8. Be3
Be7 9. Qd2 Nbd7 10. O-O-O O-O 11. g4 b5 12. h4 b4 13. Nd5 Bxd5 14. exd5 a5 15.
Kb1 Qc7 16. h5 a4 17. Nc1 Rfb8 18. g5 Ne8 19. g6 b3 20. cxb3 axb3 21. Nxb3 Nb6
22. h6 fxg6 23. hxg7 Nxg7 24. Qh2 Nh5 25. Bh3 Bf6 26. Be6+ Kg7 27. Bg4 Nf4 28.
Qxh7+ 1-0

[Event "MPJ-Blitz-D12"]
[Site "Katowice"]
[Date "2015.08.15"]
[Round "13.1"]
[White "Jarocka, Liwia"]
[Black "Waszczuk, Patrycja"]
[Result "0-1"]
[BlackElo "1481"]
[WhiteElo "1510"]

1. e4 {[%clk 0:03:03]} c5 {[%clk 0:03:04]} 2. Nf3 {[%clk 0:03:04]} e6 3. d4 cxd4
{[%clk 0:03:06]} 4. Nxd4 {[%clk 0:03:06]} a6 {[%clk 0:03:07]} 5. Nc3
{[%clk 0:03:07]} b5 {[%clk 0:03:08]} 6. Be3 {[%clk 0:03:08]} Bb7 {[%clk 0:03:09]}
7. Bd3 {[%clk 0:03:05]} Qc7 {[%clk 0:03:10]} 8. Bd2 {[%clk 0:03:05]} Nf6
{[%clk 0:03:06]} 9. Qe2 {[%clk 0:03:04]} d6 {[%clk 0:03:07]} 10. O-O
{[%clk 0:03:04]} Be7 {[%clk 0:03:07]} 11. f4 {[%clk 0:03:03]} Nbd7
{[%clk 0:03:08]} 12. Kh1 {[%clk 0:03:04]} Rc8 {[%clk 0:03:02]} 13. Rae1
{[%clk 0:03:03]} Qb6 {[%clk 0:02:41]} 14. Nf3 {[%clk 0:02:54]} Qc7
{[%clk 0:02:37]} 15. Nd4 {[%clk 0:02:53]} h6 {[%clk 0:02:07]} 16. a3
{[%clk 0:02:35]} Qb6 {[%clk 0:01:54]} 17. Nf3 {[%clk 0:02:34]} Qc7
{[%clk 0:01:55]} 18. Nd4 {[%clk 0:02:33]} Nc5 {[%clk 0:01:51]} 19. e5
{[%clk 0:02:16]} dxe5 {[%clk 0:01:51]} 20. fxe5 {[%clk 0:02:17]} Nd5
{[%clk 0:01:46]} 21. Nxd5 {[%clk 0:02:14]} Bxd5 {[%clk 0:01:46]} 22. Qf2
{[%clk 0:01:54]} O-O {[%clk 0:01:38]} 23. Qg3 {[%clk 0:01:51]} Kh8
{[%clk 0:01:31]} 24. Nf3 {[%clk 0:01:33]} Nxd3 {[%clk 0:01:31]} 25. cxd3
{[%clk 0:01:34]} Qc2 {[%clk 0:01:19]} 26. Bc3 {[%clk 0:01:17]} Qxd3
{[%clk 0:01:14]} 27. Rd1 {[%clk 0:01:15]} Qc4 {[%clk 0:01:09]} 28. Rd4
{[%clk 0:01:14]} Qxf1+ {[%clk 0:01:08]} 29. Ng1 {[%clk 0:01:12]} Bc5
{[%clk 0:01:07]} 30. Qh4 {[%clk 0:00:51]} Bxd4 {[%clk 0:01:07]} 0-1

[Event "MPJ-Blitz-D12"]
[Site "Katowice"]
[Date "2015.08.15"]
[Round "13.2"]
[White "Harazinska, Magdalena"]
[Black "Dylag, Emilia"]
[Result "1/2-1/2"]
[BlackElo "1454"]
[WhiteElo "1499"]

1. d4 {[%clk 0:03:03]} d5 {[%clk 0:03:03]} 2. c4 {[%clk 0:03:04]} c6
{[%clk 0:03:01]} 3. Nc3 {[%clk 0:03:04]} Nf6 {[%clk 0:03:00]} 4. e3
{[%clk 0:03:05]} Nbd7 {[%clk 0:02:56]} 5. cxd5 {[%clk 0:03:00]} cxd5
{[%clk 0:02:54]} 6. Qc2 {[%clk 0:02:59]} e6 {[%clk 0:02:53]} 7. a3 a6
{[%clk 0:02:41]} 8. Bd3 {[%clk 0:02:07]} Bd6 {[%clk 0:02:40]} 9. Nf3
{[%clk 0:02:06]} O-O {[%clk 0:02:38]} 10. O-O {[%clk 0:02:05]} Qe7
{[%clk 0:02:17]} 11. e4 {[%clk 0:01:31]} dxe4 {[%clk 0:01:53]} 12. Nxe4
{[%clk 0:01:31]} Nxe4 13. Bxe4 {[%clk 0:01:32]} Nf6 {[%clk 0:01:43]} 14. Bg5
{[%clk 0:01:28]} h6 {[%clk 0:01:40]} 15. Bh4 {[%clk 0:01:30]} Rb8
{[%clk 0:01:08]} 16. Ne5 {[%clk 0:01:18]} g5 {[%clk 0:00:32]} 17. Bg3
{[%clk 0:01:15]} Nxe4 {[%clk 0:00:32]} 18. Qxe4 {[%clk 0:01:15]} f5
{[%clk 0:00:24]} 19. Qd3 {[%clk 0:00:41]} f4 {[%clk 0:00:20]} 20. Ng6
{[%clk 0:00:32]} Qg7 {[%clk 0:00:14]} 21. Nxf8 {[%clk 0:00:32]} Bxf8
{[%clk 0:00:13]} 22. Bxf4 {[%clk 0:00:30]} gxf4 {[%clk 0:00:14]} 23. d5
{[%clk 0:00:26]} e5 {[%clk 0:00:11]} 24. Rfe1 {[%clk 0:00:18]} Bd7
{[%clk 0:00:12]} 25. Qe4 {[%clk 0:00:15]} h5 {[%clk 0:00:11]} 26. Qxe5
{[%clk 0:00:15]} Qxe5 {[%clk 0:00:12]} 27. Rxe5 {[%clk 0:00:16]} Bg7
{[%clk 0:00:10]} 28. Rxh5 {[%clk 0:00:06]} Bxb2 {[%clk 0:00:11]} 29. Ra2
{[%clk 0:00:07]} Bg7 {[%clk 0:00:12]} 30. h3 {[%clk 0:00:05]} Re8
{[%clk 0:00:11]} 31. Rg5 {[%clk 0:00:05]} Re5 {[%clk 0:00:11]} 32. Rxe5 Bxe5
{[%clk 0:00:11]} 33. Re2 {[%clk 0:00:07]} Bd6 {[%clk 0:00:12]} 34. Rd2
{[%clk 0:00:08]} Bxa3 {[%clk 0:00:12]} 35. Rd4 {[%clk 0:00:09]} Bd6
{[%clk 0:00:12]} 36. g3 {[%clk 0:00:10]} fxg3 {[%clk 0:00:12]} 37. fxg3
{[%clk 0:00:11]} Bxg3 {[%clk 0:00:13]} 38. d6 {[%clk 0:00:11]} Be5
{[%clk 0:00:12]} 39. Rd5 {[%clk 0:00:12]} Bg7 {[%clk 0:00:12]} 40. Kf2
{[%clk 0:00:12]} Kf8 {[%clk 0:00:12]} 1/2-1/2

[Event "MPJ-Blitz-D12"]
[Site "Katowice"]
[Date "2015.08.15"]
[Round "13.3"]
[White "Adamczyk, Zuzanna"]
[Black "Czarnecka, Lidia"]
[Result "1/2-1/2"]
[BlackElo "1459"]
[WhiteElo "1394"]

1. e4 {[%clk 0:03:02]} c5 {[%clk 0:03:04]} 2. Nf3 {[%clk 0:03:03]} d6
{[%clk 0:03:04]} 3. d4 {[%clk 0:03:03]} cxd4 {[%clk 0:03:06]} 4. Nxd4
{[%clk 0:03:04]} Nf6 {[%clk 0:03:07]} 5. Nc3 {[%clk 0:03:04]} g6 {[%clk 0:03:08]}
6. Bc4 {[%clk 0:02:53]} Bg7 {[%clk 0:03:09]} 7. O-O {[%clk 0:02:51]} O-O
{[%clk 0:03:09]} 8. f4 {[%clk 0:02:49]} Nc6 {[%clk 0:03:00]} 9. Be3
{[%clk 0:02:46]} Ng4 {[%clk 0:02:54]} 10. Nxc6 {[%clk 0:02:32]} Nxe3
{[%clk 0:02:39]} 11. Nxd8 {[%clk 0:02:28]} Nxd1 {[%clk 0:02:40]} 12. Raxd1
{[%clk 0:02:21]} Rxd8 {[%clk 0:02:41]} 13. Nd5 {[%clk 0:02:00]} Bf8
{[%clk 0:02:04]} 14. Rfe1 {[%clk 0:01:50]} Be6 {[%clk 0:02:00]} 15. Ne3
{[%clk 0:01:33]} Bxc4 {[%clk 0:01:55]} 16. Nxc4 {[%clk 0:01:33]} Rac8
{[%clk 0:01:55]} 17. Ne3 {[%clk 0:01:18]} Bg7 {[%clk 0:01:54]} 18. c3
{[%clk 0:01:19]} Rc5 {[%clk 0:01:39]} 19. Rd5 {[%clk 0:01:09]} Rdc8
{[%clk 0:01:35]} 20. Red1 {[%clk 0:01:06]} b6 {[%clk 0:01:07]} 21. Kf2
{[%clk 0:01:00]} Bf6 {[%clk 0:00:51]} 22. Kf3 {[%clk 0:00:50]} Kg7
{[%clk 0:00:50]} 23. g4 {[%clk 0:00:44]} h6 {[%clk 0:00:49]} 24. h3
{[%clk 0:00:35]} 1/2-1/2

[Event "MPJ-Blitz-D12"]
[Site "Katowice"]
[Date "2015.08.15"]
[Round "13.4"]
[White "Czarniecka, Aleksandra"]
[Black "Bienko, Jagoda"]
[Result "1/2-1/2"]
[BlackElo "1315"]
[WhiteElo "1350"]

1. e4 {[%clk 0:03:04]} c5 {[%clk 0:03:04]} 2. Nf3 {[%clk 0:03:05]} d6
{[%clk 0:03:05]} 3. d4 {[%clk 0:03:06]} cxd4 4. Nxd4 Nf6 5. Nc3 a6
{[%clk 0:03:07]} 6. Be2 {[%clk 0:03:10]} e6 {[%clk 0:03:08]} 7. f4
{[%clk 0:03:11]} Be7 {[%clk 0:03:09]} 8. Bf3 {[%clk 0:03:12]} Qc7
{[%clk 0:03:08]} 9. O-O {[%clk 0:03:12]} O-O {[%clk 0:03:08]} 10. Kh1
{[%clk 0:03:13]} Nc6 {[%clk 0:03:06]} 11. Be3 {[%clk 0:03:14]} Rb8
{[%clk 0:02:59]} 12. a4 {[%clk 0:03:12]} b6 {[%clk 0:03:00]} 13. g4
{[%clk 0:03:11]} Bb7 {[%clk 0:03:00]} 14. g5 {[%clk 0:03:12]} Ne8
{[%clk 0:02:54]} 15. Bg2 {[%clk 0:03:13]} Nxd4 {[%clk 0:02:18]} 16. Bxd4
{[%clk 0:03:13]} Qd7 {[%clk 0:02:01]} 17. Qg4 {[%clk 0:02:31]} f6
{[%clk 0:01:47]} 18. g6 {[%clk 0:02:07]} h6 {[%clk 0:01:38]} 19. Be3
{[%clk 0:02:04]} Bd8 {[%clk 0:01:25]} 20. Rf3 {[%clk 0:01:54]} f5
{[%clk 0:01:18]} 21. Qg3 {[%clk 0:01:22]} fxe4 {[%clk 0:01:14]} 22. Rff1
{[%clk 0:01:24]} d5 {[%clk 0:01:10]} 23. Bd4 {[%clk 0:01:15]} Bf6
{[%clk 0:01:10]} 24. Ne2 {[%clk 0:01:07]} Bxd4 25. Nxd4 Nf6 {[%clk 0:00:59]} 26.
Bh3 {[%clk 0:01:05]} Rfe8 {[%clk 0:00:55]} 27. Rae1 {[%clk 0:00:53]} Bc8
{[%clk 0:00:39]} 28. b3 {[%clk 0:00:54]} Qc7 {[%clk 0:00:36]} 29. Re2
{[%clk 0:00:53]} Qc5 {[%clk 0:00:36]} 30. Rd2 {[%clk 0:00:50]} Rb7
{[%clk 0:00:31]} 31. Bg2 {[%clk 0:00:42]} Rb8 {[%clk 0:00:31]} 32. Bh3
{[%clk 0:00:42]} Rb7 {[%clk 0:00:31]} 33. Bg2 {[%clk 0:00:43]} Rb8
{[%clk 0:00:32]} 34. Bh3 {[%clk 0:00:42]} Rb7 {[%clk 0:00:30]} 35. Bg2
{[%clk 0:00:31]} Rb8 {[%clk 0:00:31]} 36. Bh3 {[%clk 0:00:33]} 1/2-1/2

[Event "MPJ-Blitz-D12"]
[Site "Katowice"]
[Date "2015.08.15"]
[Round "13.5"]
[White "Malicka, Maria"]
[Black "Vanduyfhuys, Daria"]
[Result "1/2-1/2"]
[BlackElo "1198"]
[WhiteElo "1365"]

1. c4 c5 2. g3 Nc6 3. Bg2 d6 4. Nc3 Nf6 5. Nf3 g6 6. a3 a5 7. O-O Bg7 8. d3 O-O
9. Be3 b6 10. Ne5 dxe5 11. Bxc6 Rb8 12. Bg2 Bb7 13. Qd2 Bxg2 14. Kxg2 Ng4 15. Qc1
Nxe3+ 16. Qxe3 Qd4 17. Qe4 Qxe4+ 18. Nxe4 f5 19. Nc3 e6 20. e3 Rfd8 21. Rad1 Rd7
22. Rd2 Rbd8 23. Rfd1 e4 24. d4 cxd4 25. exd4 Rxd4 26. Rxd4 Rxd4 27. b3 Rxd1 28.
Nxd1 Kf7 29. b4 axb4 30. axb4 Ke7 31. Kf1 Kd6 32. Ke2 Kc6 33. Kd2 Bf8 34. Kc3
Bg7+ 35. Kb3 Bd4 36. Kc2 e5 37. Kd2 f4 38. Kc2 e3 39. fxe3 fxe3 40. Kd3 e4+ 41.
Ke2 Kd6 42. Nxe3 Bxe3 43. Kxe3 Ke5 44. c5 bxc5 45. bxc5 Kd5 46. c6 Kxc6 47. Kxe4
Kd6 48. Kd4 Ke6 49. Ke4 Kf6 50. Kf4 1/2-1/2

[Event "MPJ-Blitz-D12"]
[Site "Katowice"]
[Date "2015.08.15"]
[Round "14.2"]
[White "Dylag, Emilia"]
[Black "Harazinska, Magdalena"]
[Result "0-1"]
[BlackElo "1499"]
[WhiteElo "1454"]

1. d4 {[%clk 0:03:03]} Nf6 {[%clk 0:03:03]} 2. Nf3 {[%clk 0:03:04]} c5
{[%clk 0:03:04]} 3. e3 {[%clk 0:03:04]} cxd4 {[%clk 0:02:56]} 4. exd4
{[%clk 0:03:06]} d5 {[%clk 0:02:55]} 5. Bd3 {[%clk 0:03:06]} Bg4 {[%clk 0:02:54]}
6. Nbd2 {[%clk 0:03:04]} e6 {[%clk 0:02:54]} 7. b3 {[%clk 0:03:05]} Nc6
{[%clk 0:02:55]} 8. Bb2 {[%clk 0:03:03]} Bd6 {[%clk 0:02:56]} 9. a3
{[%clk 0:03:02]} Qc7 {[%clk 0:02:53]} 10. O-O {[%clk 0:03:01]} Bxh2+
{[%clk 0:02:51]} 11. Kh1 {[%clk 0:02:58]} Bd6 {[%clk 0:02:51]} 12. Qe1
{[%clk 0:02:48]} O-O {[%clk 0:02:43]} 13. Ne5 {[%clk 0:02:43]} Bh5 14. f4
{[%clk 0:02:33]} Nd7 {[%clk 0:02:20]} 15. Qh4 {[%clk 0:02:15]} Bg6
{[%clk 0:02:17]} 16. Bxg6 {[%clk 0:02:03]} fxg6 {[%clk 0:02:15]} 17. Qg4
{[%clk 0:01:58]} Ndxe5 {[%clk 0:02:12]} 18. fxe5 {[%clk 0:01:54]} Be7
{[%clk 0:01:51]} 19. Qxe6+ {[%clk 0:01:54]} Kh8 {[%clk 0:01:52]} 20. Qxd5
{[%clk 0:01:54]} Bg5 {[%clk 0:01:49]} 21. Ne4 {[%clk 0:01:38]} Be7
{[%clk 0:01:36]} 22. Qc4 {[%clk 0:01:34]} Qd7 {[%clk 0:01:19]} 23. d5
{[%clk 0:01:23]} Na5 {[%clk 0:01:18]} 24. Qc3 {[%clk 0:01:20]} Qg4
{[%clk 0:01:08]} 25. Qxa5 {[%clk 0:00:32]} Qxe4 {[%clk 0:01:08]} 26. d6
{[%clk 0:00:17]} Bg5 {[%clk 0:01:05]} 27. Qc3 {[%clk 0:00:13]} Be3
{[%clk 0:01:02]} 28. Qxe3 {[%clk 0:00:04]} Qxe3 {[%clk 0:01:02]} 29. Rxf8+
{[%clk 0:00:03]} Rxf8 {[%clk 0:01:03]} 30. Rd1 Qe2 0-1

[Event "MPJ-Blitz-D12"]
[Site "Katowice"]
[Date "2015.08.15"]
[Round "14.3"]
[White "Czarnecka, Lidia"]
[Black "Adamczyk, Zuzanna"]
[Result "1-0"]
[BlackElo "1394"]
[WhiteElo "1459"]

1. e4 {[%clk 0:03:02]} c5 {[%clk 0:03:03]} 2. Nf3 {[%clk 0:03:03]} a6
{[%clk 0:03:03]} 3. d4 {[%clk 0:03:04]} cxd4 {[%clk 0:03:04]} 4. Nxd4
{[%clk 0:03:05]} Nf6 {[%clk 0:03:03]} 5. Nc3 {[%clk 0:03:05]} e5 {[%clk 0:03:04]}
6. Nf3 {[%clk 0:03:06]} Nc6 {[%clk 0:03:03]} 7. Bd2 {[%clk 0:02:57]} Be7
{[%clk 0:02:56]} 8. Bd3 {[%clk 0:02:54]} d6 {[%clk 0:02:55]} 9. O-O
{[%clk 0:02:54]} O-O {[%clk 0:02:54]} 10. Be3 {[%clk 0:02:46]} Be6
{[%clk 0:02:51]} 11. h3 h6 {[%clk 0:02:51]} 12. Qe2 {[%clk 0:02:43]} Qc7
{[%clk 0:02:41]} 13. Rfd1 {[%clk 0:02:42]} Rfd8 {[%clk 0:02:38]} 14. a3
{[%clk 0:02:39]} b5 {[%clk 0:02:31]} 15. Rd2 {[%clk 0:02:22]} d5 {[%clk 0:02:28]}
16. exd5 {[%clk 0:02:23]} Nxd5 {[%clk 0:02:28]} 17. Nxd5 {[%clk 0:02:24]} Bxd5
{[%clk 0:02:29]} 18. c4 {[%clk 0:02:06]} bxc4 {[%clk 0:02:22]} 19. Bxc4 Bxc4
{[%clk 0:02:09]} 20. Qxc4 {[%clk 0:02:05]} Rxd2 {[%clk 0:01:59]} 21. Nxd2
{[%clk 0:02:00]} Qb7 {[%clk 0:01:48]} 22. b4 {[%clk 0:01:57]} Rc8
{[%clk 0:01:41]} 23. Qe2 {[%clk 0:01:51]} Bf6 {[%clk 0:01:33]} 24. Ne4
{[%clk 0:01:39]} Be7 {[%clk 0:01:30]} 25. Bc5 {[%clk 0:01:31]} Rd8
{[%clk 0:01:27]} 26. Bxe7 {[%clk 0:01:25]} Nxe7 {[%clk 0:01:21]} 27. Nc5
{[%clk 0:01:26]} Qd5 {[%clk 0:01:10]} 28. Nxa6 {[%clk 0:01:18]} Nf5
{[%clk 0:01:00]} 29. Nc5 {[%clk 0:01:11]} Nd4 {[%clk 0:00:58]} 30. Qb2
{[%clk 0:01:04]} Rb8 {[%clk 0:00:46]} 31. Qa2 {[%clk 0:00:49]} Qd6
{[%clk 0:00:40]} 32. Qc4 {[%clk 0:00:46]} Rc8 {[%clk 0:00:31]} 33. Qd3
{[%clk 0:00:37]} Qc7 {[%clk 0:00:18]} 34. Re1 {[%clk 0:00:36]} f6
{[%clk 0:00:16]} 35. Qc4+ {[%clk 0:00:33]} Kh8 {[%clk 0:00:16]} 36. Qd3
{[%clk 0:00:32]} Kg8 {[%clk 0:00:17]} 37. f4 {[%clk 0:00:22]} Rd8
{[%clk 0:00:16]} 38. fxe5 {[%clk 0:00:20]} fxe5 {[%clk 0:00:16]} 39. Qe3
{[%clk 0:00:18]} Re8 {[%clk 0:00:15]} 40. Rd1 {[%clk 0:00:13]} Qf7
{[%clk 0:00:13]} 41. Rf1 {[%clk 0:00:11]} Qc7 {[%clk 0:00:13]} 42. Qd3
{[%clk 0:00:08]} Rd8 {[%clk 0:00:12]} 43. Qc4+ {[%clk 0:00:08]} Kh8
{[%clk 0:00:11]} 44. Kh1 {[%clk 0:00:03]} Rd7 {[%clk 0:00:08]} 45. Rf8+
{[%clk 0:00:00]} Kh7 1-0